[Event "Lugano Paradiso op"]
[Site "Lugano"]
[Date "2020.10.03"]
[Round "2"]
[White "D'Agostino, Maurizio"]
[Black "Glatz, Christoph David"]
[Result "1/2-1/2"]
[WhiteElo "1890"]
[BlackElo "1671"]
[PlyCount "108"]
[EventDate "2020.10.02"]
[EventType "swiss"]
[EventRounds "5"]
[EventCountry "SUI"]
[SourceTitle "CBM 198 Extra"]
[Source "ChessBase"]
[SourceDate "2020.11.30"]
[SourceVersion "1"]
[SourceVersionDate "2020.11.30"]
[SourceQuality "1"]

1. Nf3 d6 2. d4 g6 3. Nbd2 Bg7 4. e4 e5 5. c3 a6 6. a4 Nc6 7. dxe5 dxe5 8. Qc2 Be6 9. Bc4 Qe7 10. 0-0 h6 11. b3 Bxc4 12. Nxc4 Qe6 13. Ba3 Nge7 14. Ne3 0-0 15. Nd5 Rac8 16. Rad1 Rfd8 17. c4 Bf8 18. Qb2 f6 19. h3 Qf7 20. Rfe1 Nxd5 21. Bxf8 Nf4 22. Bxh6 Nd3 23. Rxd3 Rxd3 24. Be3 b6 25. Nh2 Na5 26. Ng4 Kh7 27. b4 Nxc4 28. Qc2 Rd6 29. b5 axb5 30. axb5 Nxe3 31. Nxe3 c5 32. Nc4 Re6 33. Qd3 Qc7 34. Rd1 Ree8 35. Ra1 Red8 36. Qg3 Ra8 37. Rb1 Rd4 38. Qh4+ Kg7 39. Ne3 Qd8 40. Qg4 Kf7 41. Qh4 Qh8 42. Qg3 Qh6 43. Nd5 c4 44. Nxb6 Rd3 45. Qg4 c3 46. Nd5 Rd8 47. Qe2 Qd2 48. Qxd2 cxd2 49. Rd1 Rc8 50. Kf1 Rd4 51. f3 Rc2 52. Ke2 Rb2 53. b6 Ke6 54. g4 Kf7 1/2-1/2

[Event "Lugano Paradiso op"]
[Site "Lugano"]
[Date "2020.10.03"]
[Round "3"]
[White "Glatz, Christoph David"]
[Black "Tuor, Elena"]
[Result "1-0"]
[WhiteElo "1671"]
[BlackElo "1452"]
[PlyCount "73"]
[EventDate "2020.10.02"]
[EventType "swiss"]
[EventRounds "5"]
[EventCountry "SUI"]
[SourceTitle "CBM 198 Extra"]
[Source "ChessBase"]
[SourceDate "2020.11.30"]
[SourceVersion "1"]
[SourceVersionDate "2020.11.30"]
[SourceQuality "1"]

1. d4 e6 2. Nf3 d5 3. Bf4 Be7 4. e3 Bd7 5. Nbd2 Nf6 6. h3 Nc6 7. c3 b6 8. Ba6 Rb8 9. Qe2 h6 10. 0-0 Nh7 11. a4 Bd6 12. Ne5 Bxe5 13. dxe5 Ne7 14. Bd3 Nf8 15. b4 c6 16. e4 Nfg6 17. Bh2 0-0 18. c4 Rc8 19. a5 Rc7 20. axb6 axb6 21. Ra6 Rb7 22. Rfa1 Qc7 23. f4 c5 24. exd5 exd5 25. bxc5 Qxc5+ 26. Qf2 Qxf2+ 27. Kxf2 dxc4 28. Bxc4 Bc6 29. Bd3 f5 30. Rb1 Nd5 31. Bc4 Rfb8 32. Nf3 Kf8 33. Nd4 Nge7 34. Nxc6 Nc3 35. Nxb8 Nxb1 36. Ra8 Rc7 37. Nd7# 1-0